00459nam a22001577a 450000500170000001000150001702000260003203500140005803700130007208200130008510000220009824500760012026000150019627000640021130000260027520210924113415.0 aENG-129964 c450.00a9789353887018 aEN-113496 bDBAD/PUB a658.4012 aDhayanithy,Deepak aStrategy Huddle:cby Deepak DhayanithybManagement lessons from sports/ bSagec2021 bNew DelhiaBI/1-1 Mohan Cooperative Industrial Areae110044 axix,185p.c25cm (pbk)